000 00910nam a22002777a 4500
001 BR7703391
003 BR-BrBNA
005 20230928085321.0
007 ta
008 230509b bl.||||| |||| 00| 0 por d
040 _aBR-BrBNA
_bpor
_cBiblioteca Nacional de Agricultura
041 _a(Por)
072 _aE30; L10
_b/G514
090 _ E30 BR7703391
110 1 _aDepartamento Nacional da Producao Animal, Brasilia, DF (Brasil). Setor de Controle e Avaliacao
_93200
245 1 _aAvaliacao de desempenho do Departamento Nacional de Producao Animal. Ano 1977 [Ministerio da Agricultura; Brasil]
260 3 _aBrasilia, DF (Brasil):
_c1977.
300 _a167 p.
650 _aProjeto de desenvolvimento
650 _aMelhoramento genetico animal
650 _aInseminacao artificial
650 _aNutricao animal
650 _aVeterinaria
909 _a202309
_bLucia
_c55
_dLucia Elande
942 _cBK
999 _c23819
_d23819